Pak Lah : kepimpinan berteraskan akauntabiliti : keterampilan seorang negarawan - satu tinjauan

Bibliographic Details
Main Author: Ismail Noor, Dato'
Format: Book
Published: Batu Caves : Thinker's Library , 2004
Edition:Ed. khas
Subjects:

MARC

LEADER 00000cam a2200000 7i4500
001 0000003563
005 20060621.0
020 0 0 |a 9676903981 
090 0 0 |a 320.9595092   |b ISM 
100 1 0 |a Ismail Noor,   |c Dato' 
245 1 0 |a Pak Lah :   |b kepimpinan berteraskan akauntabiliti : keterampilan seorang negarawan - satu tinjauan   |c Ismail Noor 
250 0 0 |a Ed. khas 
260 0 0 |a Batu Caves :   |b Thinker's Library ,   |c 2004 
300 |a xii, 235ms. :   |b il. ;   |c 24cm. 
500 0 0 |a Juga diterbitkan dalam bahasa Inggeris 
600 0 0 |a Abdullah Ahmad Badawi, ,   |c Dato' Seri ,   |d 1939- 
650 0 0 |a Politics and government   |z Malaysia 
650 0 0 |a Prime ministers \z Malaysia 
999 |a 0000006881   |b Monograph   |c Open Shelf   |e Default branch